Uplatnenie RFID sa mení

Rozšírenie možností RFID (Radio Frequency Identification - identifikácia na rádiovej frekvencii), ktorá bola pôvodne navrhnutá na identifikáciu tovaru. Možnosti jej rozširovania a uplatnenie v ďalších odboroch.

Saved in:
Bibliographic Details
Main Author: Hudec, Marián
Format: Book Chapter
Language:Slovak
Subjects:
Tags: Add Tag
No Tags, Be the first to tag this record!

MARC

LEADER 00000naa a2200000 4500
001 0177243
005 20231011123245.0
041 0 |a slo 
044 |a SK 
245 1 0 |a Uplatnenie RFID sa mení  |c Marián Hudec 
520 |a Rozšírenie možností RFID (Radio Frequency Identification - identifikácia na rádiovej frekvencii), ktorá bola pôvodne navrhnutá na identifikáciu tovaru. Možnosti jej rozširovania a uplatnenie v ďalších odboroch. 
610 2 0 |a identifikácia vysokofrekvenčná 
610 2 0 |a identifikácia automatická 
610 2 0 |a snímače 
610 2 0 |a technika 
610 2 0 |a priemysel 
100 1 |a Hudec, Marián